Kỹ thuật nhiệt

Đã lưu trong:
Bibliografiske detaljer
Hovedforfatter: Bùi Hải
Format: Bog
Sprog:Vietnamese
Udgivet: Khoa học và kỹ thuật 1998
Tags: Tilføj Tag
Ingen Tags, Vær først til at tagge denne postø!
Thư viện lưu trữ: Mạng thư viện Đại học Đà Nẵng
LEADER 00626nam a2200253 4500
001 000021661
003 18109
005 20150422150447.0
008 150422s1998 viesd
020 |c 24500 
041 0 |a vie 
082 1 4 |a 536  |b BU-H 
100 1 |a Bùi Hải 
245 1 0 |a Kỹ thuật nhiệt  |c Bùi Hải, Trần Thế Sơn 
260 |b Khoa học và kỹ thuật  |c 1998 
300 |a tr.  |c cm. 
OWN |a LSP 
999 |a From the UDN01 
TYP |a Monograph 
TYP |a Printed language 
980 |a Mạng thư viện Đại học Đà Nẵng